000 00423nam a2200169 a 4500
001 0000-8802
003 ELIB.Books
008 110520 1967
035 _a(ELIB.Books)0000-8948
082 _aB
_bPar
100 _aParmelee, Alice
245 _aThey Beheld His Glory
260 _bLondon: Happer and Row, Publishers
_c1967
650 _aBiography
942 _2ddc
_cBK
998 _cbat
_e2011-05-20
999 _c8802
_d8802